History Quiz

Random History or Quote Quiz
Score 0/16 Timer 06:00
1 Play Today
% Correct
organize a march and protest something.
91.6%
and the right of peaceful protest.
91.3%
you get arrested. The minute you break into a store, you get arrested.
91.3%
but there must never be a time when we fail to protest.
89.9%
lesser human beings than other races.
88.9%
the 'sense of utter irresponsibility' shown by the demonstrators.
87.8%
a topical song with meaning.
85%
Sometimes I've been closer to him for that reason.
84.9%
% Correct
I have no problem with people exercising their democratic rights.
84.9%
the only true protest is beauty.
84.6%
you can't just protest and resist. You also have to negotiate as well.
83.6%
about anything they want.
82.4%
they should be encouraged to do so.
77.8%
it's said out of fear, because it is a potent force for political change.
74.4%
as the end of silence.
69.6%
but I'm not going.
54.8%
Remove Ads.
Support Sporcle.
Get the best of Sporcle when you Go Orange. This ad-free experience offers more features, more stats, and more fun while also helping to support Sporcle. Thank you for becoming a member.

You're not logged in!

Compare scores with friends on all Sporcle quizzes.
OR
Log In

Sporcle TV

Today on Sporcle TV


Watch our educational content, quiz creation guides, and fun videos on Sporcle TV.

Show Comments

Extras

Top Quizzes Today


Score Distribution

Paid Content

Your Account Isn't Verified!

In order to create a playlist on Sporcle, you need to verify the email address you used during registration. Go to your Sporcle Settings to finish the process.

Report this User

Report this user for behavior that violates our Community Guidelines.

Details: